| 000 | 00642nam a22001697a 4500 | ||
|---|---|---|---|
| 999 |
_c61069 _d61069 |
||
| 005 | 20231213125430.0 | ||
| 008 | 231213s1979 ru ||||| |||| 00| 0 rus d | ||
| 041 | _arus | ||
| 080 | _a94(35) B-18 | ||
| 100 |
_aВарга, Домокош _920700 |
||
| 245 |
_aДревний Восток : _b У начала истории письменности / _cДомокош Варга. |
||
| 264 |
_aБудапешт : _bКорвина, _c1979. |
||
| 300 |
_a160 с. : _bил.; _c29 см. |
||
| 653 | _aძველი აღმოსავლეთი | ||
| 653 | _aმწერლობის ისტორია | ||
| 942 |
_2udc _cᲬᲘᲒᲜᲘ |
||